| 000 | 00823nam a2200265Ia 4500 | ||
|---|---|---|---|
| 008 | 170203s9999 xx 000 0 und d | ||
| 020 | _a9780451229991 | ||
| 050 | _a796.32309559 | ||
| 050 | _b.B287p 2010 | ||
| 100 | _aBartholomew, Rafe. | ||
| 245 | _aPacific rims : | ||
| 245 | _bbeermen ballin' in flip-flops and the Philippines' unlikely love affair with basketball / | ||
| 245 | _cRafe Bartholomew. | ||
| 260 | _aNew York : | ||
| 260 | _bNew American Library, | ||
| 260 | _c2010 | ||
| 300 | _aviii, 384 pages : | ||
| 300 | _b illustration ; | ||
| 300 | _c22 cm. | ||
| 500 | _aIncludes bibliographical references. | ||
| 650 | _a Filipinos -- Social life and customs. | ||
| 650 | _aBasketball -- Philippines -- | ||
| 650 | _aBasketball -- Social aspects -- Philippines. | ||
| 650 | _xHistory. | ||
| 999 |
_c305491 _d305491 |
||